Linguística de la publicidad: el idioma español y la publicidad

Gespeichert in:
Bibliographische Detailangaben
Hauptverfasser: Cardona, Domingo (VerfasserIn), Fernández Berasarte, R (VerfasserIn)
Format: Buch
Sprache:Spanisch
Veröffentlicht: Madrid Jucar 1979
Schriftenreihe:Biblioteca Jucas de ciencias humanas, 63
Schlagworte:
Tags: Tag hinzufügen
Keine Tags, Fügen Sie den ersten Tag hinzu!

MARC

LEADER 00000nam a2200000 a 4500
001 UCW9337
003 CL-VaPUC
008 890328e19790000SP |||||||||||||||||spa|d
082 0 4 |a 659.1  |b CAR  |2 21 
100 0 |a Cardona, Domingo  |e author  |9 314570 
700 0 |a Fernández Berasarte, R  |e author  |9 314571 
245 1 0 |a Linguística de la publicidad: el idioma español y la publicidad 
300 |a 149 p 
942 |c BK 
945 |d 19890328 00:00:00 
260 |a Madrid  |b Jucar  |c 1979 
650 0 |a Lingüística  |9 265068 
650 0 |a Publicidad  |9 314572 
650 0 |a Comunicación   |9 257251 
583 |a last modification  |c 19890328 00:00:00  |k Rodrigo Vera 
490 0 |a Biblioteca Jucas de ciencias humanas, 63 
999 |c 221341  |d 221339 
952 |0 0  |1 0  |4 0  |6 659_100000000000000_CAR_1979  |7 0  |8 A  |9 214539  |a FDOPOS  |b FDOPOS  |d 2019-11-15  |i 2831341  |o 659.1 CAR 1979  |p 2831341  |r 2025-01-22  |w 2019-11-15  |y BK  |k MLA